Keys in the alphabet and number keyboard - Statistics

General Stats
  • This quiz has been taken 87 times
  • The average score is 28 of 36
Answer Stats
Topic Key % Correct
Alphabet Key A
97%
Alphabet Key Q
97%
Alphabet Key E
94%
Alphabet Key W
94%
Alphabet Key C
91%
Alphabet Key S
91%
Alphabet Key B
89%
Alphabet Key D
89%
Alphabet Key F
89%
Alphabet Key J
89%
Alphabet Key P
89%
Alphabet Key G
86%
Alphabet Key H
86%
Alphabet Key I
86%
Alphabet Key K
86%
Alphabet Key O
86%
Alphabet Key L
83%
Alphabet Key R
83%
Alphabet Key M
80%
Alphabet Key T
80%
Alphabet Key N
77%
Alphabet Key U
77%
Alphabet Key V
77%
Alphabet Key X
77%
Alphabet Key Z
77%
Alphabet Key Y
74%
Number Key 1
63%
Number Key 3
63%
Number Key 4
60%
Number Key 5
60%
Number Key 6
60%
Number Key 0
57%
Number Key 2
57%
Number Key 7
57%
Number Key 8
57%
Number Key 9
57%
No matching quizzes found
Score Distribution
Percent of People with Each Score
Percentile by Number Answered
Your Score History
You have not taken this quiz